Filosofía y Doctrina del Estadolibrismo Puertorriqueño

Saved in:
Bibliographic Details
Main Author: Fernós Isern, Antonio
Format: Text
Published: San Juan: Homines
Tags: Add Tag
No Tags, Be the first to tag this record!

MARC

LEADER 00000 a a2200000 04500
001 22772
003
040
020 |a 0-9623590-6-8  
090 |a 155900  
100 |a Fernós Isern, Antonio  
245 |a Filosofía y Doctrina del Estadolibrismo Puertorriqueño  
260 |a San Juan:   |b Homines  
300 |a 220 p  
999 |c 15208  |d 15208